| LEADER |
01061nam0a2200181 450 |
| 001 |
16832320 |
| 010 |
|
|
|a 978-2-210-96621-5
|b br.
|d 12,9
|
| 100 |
|
|
|a 20190103d2019 u u0frey01 ba
|
| 101 |
0 |
|
|a fre
|
| 102 |
|
|
|a FR
|
| 200 |
0 |
|
|a Better world
|f Agnès Laroche
|
| 207 |
|
1 |
|a
|
| 210 |
|
|
|a Paris
|c Magnard jeunesse
|d 2019
|
| 330 |
|
|
|a Afin de sauver ses parents qui viennent de faire une découverte très importante pour la planète, Nell va devoir affronter un réseau d'activistes plus que déterminés. Nell a 13 ans et vit avec sa cousine qui s'occupe d'elle pendant l'absence de ses parents, chercheurs chevronnés partis travailler au Japon. Absorbés par leur projet qui permettra à l'humanité de ne plus souffrir de la pénurie d'eau mondiale, ils lui font livrer un cadeau pour son anniversaire : une e-friend, un robot qui devrait combler sa solitude...
|
| 700 |
|
0 |
|a Laroche
|b Agnès
|f 1965-....
|4 70
|
| 900 |
|
|
|a Roman Jeunesse
|
| 901 |
|
|
|a Accessible au prêt
|
| 995 |
|
|
|a Bibliothèque
|c Bibliothèque
|f 024019883
|h 024019883
|k J LAR
|o p
|q j
|r az
|e Bibliothèque
|